|
|
|
|
| LEADER |
00000nam a22000007a 4500 |
| 005 |
20151105133341.0 |
| 007 |
hr|||| ||u|| |
| 008 |
151105s19892011-usu||ps |||| 0||||1eng d |
| 022 |
|
|
|a 0019-8471
|
| 035 |
|
|
|a 2826
|
| 040 |
|
|
|a vLex
|
| 090 |
|
|
|c 5672
|d 5672
|
| 245 |
1 |
0 |
|a ndustrial Management
|h [Recurso electrn̤ico] /
|c Institute of Industrial Engineers, Inc. (IIE)
|
| 256 |
|
|
|a Servicio en ln̕ea
|
| 260 |
|
|
|a Estados Unidos
|b Institute of Industrial Engineers, Inc. (IIE)
|c 1989
|
| 300 |
|
|
|a 1 recurso electrn̤ico
|
| 506 |
1 |
|
|a Contenido solo disponible en los productos indicados
|d vLex Global
|d vLex Global (Academic Edition, excluding Law Schools)
|d vLex Global (U.S. Academic Edition, Law Schools)
|d vLex Global (U.S. Academic Edition, excluding Law Schools)
|d vLex Global (Academic Edition, Law Schools)
|
| 650 |
0 |
4 |
|a Empresas--Direccin̤ y administracin̤
|z Estados Unidos
|
| 740 |
0 |
|
|a vLex revista (sevicio en ln̕ea)
|
| 856 |
4 |
0 |
|u http://vlex.com/source/industrial-management-2826
|z Acceso restringido
|
| 942 |
|
|
|c REV
|
| 999 |
0 |
|
|a Industrial management
|